000 004320000a22001690004500
003 MACL
005 20160105162321.0
008 160105b xxu||||| |||| 00| 0 eng d
040 _aMACL
_cMACL
041 _aEnglish
082 _a821/SUC
100 _aScully, James
_928244
245 _aModern Peots on Modern Poetry
260 _bCollins, Fontana Library
_c1966
_aLondon
650 _apoetries
_928245
942 _cBK
_k821/SCU
_2ddc
999 _c37677
_d37677